000 00301nam a2200121Ia 4500
005 20251222155143.0
008 251222s9999||||xx |||||||||||||| ||spa||
082 _aEDUM.83
245 0 _aMétodos científicos aplicados a las ciencias sociales
250 _a1ra. ed.
264 _bOxford
942 _cLIB
999 _c39245
_d39245